000 00515nam a2200181 i 4500
001 124517
003 ES-MaACL
007 t|
008 070329s1930 sp ||||1| spa d
100 1 _aBarnés, Domingo,
_d1879-1940
_925714
245 1 3 _aLa educación de la adolescencia /
_cDomingo Barnés.
260 _aBarcelona :
_bLabor,
_c[1930]
300 _a197 p. ;
_c17 cm.
490 1 _aColección Labor ;
_v243
830 0 0 _aColección Labor
_v243
_9184254
852 _aES-MaACL
_jE-2748
999 _c124517
_d124517